000 00326 a2200145 4500
001 166807
020 _a
040 _cMagnum
100 _aKaufman, Ana Maria
240 1 0 _aEscola, leitura e producao de textos
_lpor
245 1 0 _aEscola, leitura e producao de textos
362 0 _a1899
697 _aENSINO
942 _cBK
999 _c166807
_d166807